Atlas of histopathology (Record no. 63690)

MARC details
000 -LEADER
fixed length control field 00883nam a2200193 a 4500
008 - FIXED-LENGTH DATA ELEMENTS--GENERAL INFORMATION
fixed length control field 151214s2012 ||||||||||||||||| || u
020 ## - INTERNATIONAL STANDARD BOOK NUMBER
International Standard Book Number 9789350251881
050 ## - LIBRARY OF CONGRESS CALL NUMBER
Classification number RB 33 Dam
100 ## - MAIN ENTRY--PERSONAL NAME
Personal name Damjanov, Ivan
245 10 - TITLE STATEMENT
Title Atlas of histopathology
Statement of responsibility, etc. By Ivan Damjanov
260 ## - PUBLICATION, DISTRIBUTION, ETC.
Place of publication, distribution, etc. New Delhi
Name of publisher, distributor, etc. Jaypee Brothers Medical publishers
Date of publication, distribution, etc. 2012
300 ## - PHYSICAL DESCRIPTION
Extent xvii, 399p.: ill.
350 ## -
-- 108.00
650 #0 - SUBJECT ADDED ENTRY--TOPICAL TERM
Topical term or geographic name entry element HISTOLOGY--ATLASES
650 ## - SUBJECT ADDED ENTRY--TOPICAL TERM
Topical term or geographic name entry element HISTOLOGY, PATHOLOGICAL--ATLASES
650 #0 - SUBJECT ADDED ENTRY--TOPICAL TERM
Topical term or geographic name entry element PATHOLOGY--ATLASES
995 ## -
-- MICHAEL CHILUFYA SATA OPEN ACCESS
-- 108.00
-- 903899
-- CBU-SCHOOL OF MEDICINE LIBRARY (Ndola)
-- RB 33 Dam
-- 2
-- AVAILABLE
-- Apr 26, 2017
-- 903899
-- Medical Library Open Access Collection
995 ## -
-- MICHAEL CHILUFYA SATA OPEN ACCESS
-- 903308
-- CBU-SCHOOL OF MEDICINE LIBRARY (Ndola)
-- 108.00
-- RB 33 Dam
-- 1
-- AVAILABLE
-- Dec 16, 2015
-- 903308
-- Medical Library Open Access Collection
999 ## -
-- 63690
-- 63690
Holdings
Withdrawn status Lost status Source of classification or shelving scheme Damaged status Not for loan Permanent Location Current Location Shelving location Date acquired Total Checkouts Full call number Barcode Date last seen Copy number Price effective from Koha item type
          CBU-MICHAEL CHILUFYA SATA LIBRARY CBU-MICHAEL CHILUFYA SATA LIBRARY   01/25/2023   RB 33 Dam 903899 01/25/2023 1 01/25/2023 MONOGRAPH
          CBU-MICHAEL CHILUFYA SATA LIBRARY CBU-MICHAEL CHILUFYA SATA LIBRARY   01/25/2023   RB 33 Dam 903308 01/25/2023 2 01/25/2023 MONOGRAPH